000 00332nam a2200109Ia 4500
008 171211s9999 xx 000 0 und d
245 4 _aThe Asian Financial Crisis and the Architecture of Global Finance
245 _cGeoffrey Brennan
260 _c2000
650 _xEconomics
856 _uhttp://down.ebook777.com/065/0521790913.pdf
999 _c348080
_d348080